Score 0/16 Timer 06:00
1 Play Today
Expository Passage Character* (alphabetical) % Correct
_______ lived in the midst of the great Kansas prairies, with Uncle Henry, who was a farmer, and Aunt Em, who was the farmer's wife.Dorothy
87.2%
We lived on the main residential street in town -- _______, Jem and I, plus Calpurnia our cook. Jem and I found our father satisfactory: he played with us, read to us…Atticus
65.4%
Perhaps it had something to do with living in a dark cupboard, but _____ had always been small and skinny for his age.Harry
63%
When strangers looked curiously at the scarlet letter -- and none ever failed to do so, -- they branded it afresh in ______'s soul…Hester
58.8%
… ____, her sister-in-law, was the wife of one of the most important personages in Petersburg, and was a Petersburg grande dame.Anna
57.3%
____'s been in colleges, as well as 'mong the cannibals; been used to deeper wonders than the waves; fixed his fiery lance in mightier, stranger foes than whales.Ahab
54.7%
________ intended to marry--and marry Ashley--and she was willing to appear demure, pliable and scatterbrained, if those were the qualities that attracted men.Scarlett
53.7%
… I understood that my man ______ had formerly been among the savages who used to come on shore on the farther part of the island, on the same man-eating occasions…Friday
50.5%
Expository Passage Character* (alphabetical) % Correct
…. something quite exceptional was being planned for that autumn. _____ was going to be eleventy-one, 111, a rather curious number and a very respectable age...Bilbo
48.5%
'_____?' said Mr Beaver. 'Why, don't you know? He's the King. He's the Lord of the whole wood, but not often here, you understand. Never in my time…'Aslan
46.4%
________, the eldest of the four, was sixteen, and very pretty, being plump and fair, with large eyes, plenty of soft brown hair, a sweet mouth, and white hands…Margaret
43.7%
________ was a large, rather fierce-looking Berkshire boar, the only Berkshire on the farm, not much of a talker, but with a reputation for getting his own way.Napoleon
35.5%
___ knowed all kinds of signs. He said he knowed most everything. I said it looked to me like all the signs was about bad luck, and so I asked him if there warn't any good-luck…Jim
27.6%
______ was one of the wild, leaping horde. His brown, sweat-streaked, muscular body, glistening in the moonlight, shone supple and graceful among the uncouth, awkward, hairy brutesTarzan
22.4%
… my eyes fell on ______ standing alone on the marble steps and looking from one group to another with approving eyes. His tanned skin was drawn attractively tight on his face…Gatsby
21.4%
External heat and cold had little influence on _______. No warmth could warm, no wintry weather chill him. No wind that blew was bitterer than he...Scrooge
19%

Today's Daily Dose

You're not logged in!

Compare scores with friends on all Sporcle quizzes.
OR
Log In

Sporcle TV

Today on Sporcle TV


Watch our educational content, quiz creation guides, and fun videos on Sporcle TV.

Show Comments

Extras

Top Quizzes Today


Score Distribution

Your Account Isn't Verified!

In order to create a playlist on Sporcle, you need to verify the email address you used during registration. Go to your Sporcle Settings to finish the process.

Report this User

Report this user for behavior that violates our Community Guidelines.

Details: